000 00932nac a22002651i 4500
003 EG-ScBUE
005 20221219121137.0
008 100915s2004 nyuae f 000 0 eng d
020 _a0060745061
040 _aEG-ScBUE
_beng
_erda
_cEG-ScBUE
_dEG-ScBUE
082 0 4 _a728.37
_bTRU
_222
100 1 _aTrulove, James Grayson,
_eauthor.
_919340
245 1 0 _a25 Houses :
_bunder 1500 square feet /
_cby James Grayson Truelove.
246 3 _aTwenty five houses :
_bunder 1500 square feet
264 1 _aNew York, NY :
_bHarper Design,
_c2004.
300 _a183 pages :
_bcolor illustrations, plans ;
_c27 cm
336 _2rdacontent
_atext
_btxt
337 _2rdamedia
_aunmediated
_bn
338 _2rdacarrier
_avolume
_bnc
650 7 _aSmall houses
_xDesigns and plans.
_2BUEsh
_919341
650 7 _aArchitecture, domestic
_xDesigns and plans.
_2BUEsh
_919342
653 _bENGARC
655 _vReading book
942 _cBB
_k728.37 TRU
_2ddc
999 _c3514
_d3514